Outsourcing v podnikovej logistike
Outsourcing logistických činností a dôvody zavedenia outsourcingu v logistike. Požiadavky trhu a spokojnosť zákazníka. Inovačné schopnosti a podniková flexibilita ako aj znižovanie a úspora nákladov. Informácie pre dodávateľov pre efektívnejšie napĺňanie podstaty outsourcingu.
Enregistré dans:
| Auteur principal: | |
|---|---|
| Format: | Chapitre de livre |
| Langue: | slovaque |
| Sujets: | |
| Tags: |
Pas de tags, Soyez le premier à ajouter un tag!
|
MARC
| LEADER | 00000nla a2200000 4500 | ||
|---|---|---|---|
| 001 | 0209771 | ||
| 005 | 20240502073505.6 | ||
| 041 | 0 | |a slo | |
| 044 | |a SK | ||
| 245 | 1 | 0 | |a Outsourcing v podnikovej logistike |c Michal Kopták |
| 520 | |a Outsourcing logistických činností a dôvody zavedenia outsourcingu v logistike. Požiadavky trhu a spokojnosť zákazníka. Inovačné schopnosti a podniková flexibilita ako aj znižovanie a úspora nákladov. Informácie pre dodávateľov pre efektívnejšie napĺňanie podstaty outsourcingu. | ||
| 610 | 2 | 0 | |a outsourcing |
| 610 | 2 | 0 | |a metódy organizácie |
| 610 | 2 | 0 | |a metódy riadenia |
| 610 | 2 | 0 | |a strediská zodpovednostné |
| 610 | 2 | 0 | |a znižovanie nákladov |
| 610 | 2 | 0 | |a inovácia |
| 610 | 2 | 0 | |a logistika |
| 100 | 1 | |a Kopták, Michal | |